000 00583nam a2200229Ia 4500
003 OSt
005 20220916111023.0
006 a|||||r|||| 00| 0
007 ta
008 220915b |||||||| |||| 00| 0 eng d
024 _a113147
037 _cTextbook
040 _beng
_aARTS
_cARTS
041 _aeng
082 _aV4pN55, J6 (906)
100 _aWright Richard
245 0 _aColour curtain : report on the bandung conference
260 _c1956
650 _aHISTORY
942 _hV4pN55, J6 (906)
_cTB
_2CC
999 _c103542
_d103542